| 000 | 01782naa a2200265 i 4500 | ||
|---|---|---|---|
| 001 | 3288 | ||
| 003 | KOSZ 005 | ||
| 005 | 20180315091505.0 | ||
| 008 | 141117s2002 pl f |100 0 pol | ||
| 040 |
_cBPK _dKOSZ 005/EG |
||
| 080 | _a621.73/.77 | ||
| 100 | 1 |
_aKUKIEŁKA, Leon. _d1996 - . _bPolitechnika Koszalińska - Wydział Mechaniczny, _cKatedra Maszyn Roboczych |
|
| 245 | 1 | 0 |
_aBadanie wpływu parametrów technologicznych nagniatania tocznego z prądem na współczynnik tarcia ślizgowego wyrobu / _cLeon Kukiełka, Radosław Patyk, Mariusz Wojtalik. |
| 246 | 3 | 1 | _aInvestigating influences of technological parameters of burnishing rolling process with current on coefficient of sliding friction of product |
| 500 | _aDane z autopsji. | ||
| 520 | _aW pracy przedstawiono metodykę badań współczynnika tarcia ślizgowego części nagniatanych tocznie z elektrokontaktowym podgrzewaniem. Dokonano analizy otrzymanych wyników za pomocą testów statystycznych. Wykazano korzystny wpływ nagniatania z prądem na właściwości użytkowe warstwy wierzchniej części. | ||
| 650 | 0 | _aNagniatanie. | |
| 650 | 0 | _aTrybologia. | |
| 655 | 0 | _aMateriały konferencyjne. | |
| 700 | 1 |
_aWOJTALIK, Mariusz - doktorant. _bPolitechnika Koszalińska - Wydział Mechaniczny, _cZakład Mechaniki Technicznej |
|
| 773 | 0 |
_iW : _tDroga krajowa nr 6 osią integracji Pomorza Środkowego i szansą rozwoju motoryzacji : V Słupskie Forum Motoryzacji, Słupsk 18-19 maja 2002. - _dSłupsk : Starostwo Powiatowe w Słupsku, 2002. - _gs. 135-142 |
|
| 711 | 2 | 2 |
_aSłupskie Forum Motoryzacji _n(5 ; _d2002 ; _cSłupsk, Polska). |
| 700 | 1 |
_aPATYK, Radosław. _bPolitechnika Koszalińska - Wydział Mechaniczny, _cZakład Mechaniki Technicznej |
|
| 942 |
_cROZ _2UKD |
||
| 999 |
_c3288 _d3288 |
||